Statistics for Sanford and Son Franchise

Click here to take the quiz!

General Stats

  • This quiz has been taken 18 times
  • The average score is 3 of 5

Answer Stats

TypeYearNameInfo% Correct
TV Show1980-1981SanfordNBC
100%
TV Show1972-1977Sanford and SonNBC
86%
TV Show1975-1976GradyNBC
43%
TV Show1977Sanford ArmsNBC
36%
TV Show1962-1974Steptoe and SonBBC 1
36%

Score Distribution

Percentile by Number Answered

Percent of People with Each Score

Your Score History

You have not taken this quiz